Can you name every wooden coaster? - Statistics

General Stats
  • This quiz has been taken 10 times
  • The average score is 108 of 176
Answer Stats
Park Manufacturer Answer % Correct
Liseberg Intamin Balder
100%
Heide Park Intamin Colossos
100%
Six Flags Qiddiya City GCI Colossus
100%
Freizeitpark Plohn GCI El Toro
100%
Portaventura CCI Stampida
100%
Gröna Lund Gravitykraft Corporation Twister
100%
Knoebels In-House Twister
100%
Elitch Gardens Hensel Phelps Construction Twister III
100%
Walygator Grand Est William Cobb Anaconda
90%
Movie Park Germany RCCA Bandit
90%
Lake Compounce CCI Boulder Dash
90%
Playland Carl E Phare Coaster
90%
Parque Warner Madrid RCCA Coaster Express
90%
Luna Park Coney Island Vernon Keenan Cyclone
90%
Nicco Park Blackpool Leisure Amusement Consultancy Cyclone
90%
Knoebels In-House Flying Turns
90%
Mt. Olympus Gravitykraft Corporation Hades 360
90%
Real Madrid World GCI Hala Madrid
90%
Plopsaland Belgium GCI Heidi The Ride
90%
Busch Gardens Williamsburg GCI InvadR
90%
Kennywood John Miller Jack Rabbit
90%
Seabreeze John Miller Jack Rabbit
90%
Efteling GCI Joris en de Draak
90%
Walibi Belgium Vekoma Loup Garou
90%
Erlebnispark Tripsdrill Gerstlauer Mammut
90%
La Ronde William Cobb Monstre
90%
Pleasure Beach Resort Charles Paige Nickelodeon Streak
90%
Adventureland CCI Outlaw
90%
Silver Dollar City RMC Outlaw Run
90%
Knoebels PTC Phoenix
90%
Kennywood John Miller Racer
90%
Kings Island PTC Racer
90%
Holiday World CCI Raven
90%
Walibi Rhône-Alpes Gravitykraft Corporation Timber
90%
Portaventura CCI Tomahawk
90%
Parc Astérix Gravitykraft Corporation Tonnerre 2 ZEUS
90%
Toverland GCI Troy
90%
Holiday World Gravity Group Voyage
90%
Alton Towers GCI Wicker Man
90%
Mer de Sable GCI Wild Buffalo
90%
Kolmarden RMC Wildfire
90%
Europa Park GCI Wodan
90%
Parc Saint Paul Gravitykraft Corporation Wood Express
90%
Camdem Park National Amusement Device Company Big Dipper
80%
Pleasure Beach Resort John Miller Big Dipper
80%
Cedar Point PTC Blue Streak
80%
Six Flags St. Louis CCI Boss
80%
Emerauld Park Gravitykraft Corporation Cu Chulainn
80%
Farup Sommerland S&S Falken
80%
Knott's Berry Farm CCI GhostRider
80%
Six Flags Great America RMC Goliath
80%
Pleasure Beach Resort Charles Paige Grand National
80%
Sea World Martin & Vleminckx Leviathan
80%
Everland Intamin Monimo RUSH
80%
Kings Island GCI Mystic Timbers
80%
Waldameer Gravity Group Ravine Flyer II
80%
Bakken Valdemar Lebech Rustchebanen
80%
Tivoli Gardens L.A. Thompson Scenic Railway Rustchebanen
80%
Powerpark GCI Thunderbird
80%
Linnanmäki Valdemar Lebech Vuoristorata
80%
Majaland Kownaty GCI Werewolf
80%
Frontier City National Amusement Device Company Wildcat
80%
Lake Compounce PTC Wildcat
80%
Mt. Olympus CCI Zeus
80%
Wiener Prater Auto BergBahn
70%
Kings Island PTC Beast
70%
Pleasure Beach Resort Charles Paige Blue Flyer
70%
Hersheypark PTC Comet
70%
Six Flags Great Escape PTC Comet
70%
Waldameer PTC Comet
70%
California's Great America GCI Gold Striker
70%
California's Great America Grizzly
70%
Kings Dominion PTC Grizzly
70%
Wiener Prater Hochschaubahn
70%
Happy Valley Chongqin GCI Jerome's Wooden Dragon
70%
Arnolds Park PTC / Outdoor Amusement Enterprise Legend
70%
Holiday World CCI Legend
70%
Hersheypark GCI Lightning Racer
70%
Fun Spot America Gravitykraft Corporation Mine Blower
70%
Mt. Olympus CCI Pegasus
70%
Kings Dominion PTC Racer 75
70%
Great Yarmouth Pleasure Beach Erich Heidrich Roller Coaster
70%
Lagoon John Miller Roller Coaster
70%
Michigan's Adventure CCI Shivering Timbers
70%
Seaworld San Antonio GCI Texas Stingray
70%
Kennywood National Amusement Device Company Thunderbolt
70%
Six Flags New England Harry Bakker Thunderbolt
70%
Tusenfryd Vekoma Thundercoaster
70%
Dollywood GCI Thunderhead
70%
Carowinds PTC Woodstock Express
70%
Kings Dominion PTC Woodstock Express
70%
Kings Island PTC Woodstock Express
70%
Six Flags Great America Intamin American Eagle
60%
Six Flags Magic Mountain GCI Apocalypse
60%
Mt. Olympus CCI Cyclops
60%
Happy Valley Chengdu GCI Great Desert Rally
60%
Fantawild Asian Legend Martin & Vleminckx Jungle Trailblazer
60%
Fantawild Dreamland Martin & Vleminckx Jungle Trailblazer
60%
Oriental Heritage Wuhu Martin & Vleminckx Jungle Trailblazer
60%
Oriental Heritage Ningbo Martin & Vleminckx Jungle Trailblazer
60%
Oriental Heritage Xiamen Martin & Vleminckx Jungle Trailblazer
60%
Kentucky Kingdom Gravitykraft Corporation Kentucky Flyer
60%
Sesame Place Gravitykraft Corporation Oscar's Wacky Taxi
60%
Nanchang Sunac Land GCI Python in Bamboo Forest
60%
Tobu Zoo Intamin Regina II
60%
Adventureland PTC Tornado
60%
Stricker's Grove Ralph Stricker Tornado
60%
Fun Spot America GCI White Lightning
60%
Worlds of Fun GCI Zambezi Zinger
60%
Six Flags St. Louis GCI American Thunder
50%
Knoebels PTC Black Diamond
50%
Six Flags Great Escape Gravitykraft Corporation Bobcat
50%
Hirataka Park Intamin Elf
50%
Six Flags over Georgia PTC Great American Scream Machine
50%
Carowinds International Coasters Hurler
50%
Kijima Kogen Intamin Jupiter
50%
Hopi Hari RCCA Montezum
50%
Six Flags Darien Lake Dinn Corporation Predator
50%
Worlds of Fun GCI Prowler
50%
Valleyfair! GCI Renegade
50%
Story Land Gravitykraft Corporation Roar-O-Saurus
50%
Luna Park Sydney Scenic Railway
50%
Six Flags St. Louis PTC Screamin' Eagle
50%
Silverwood CCI Tremors
50%
Canada's Wonderland PTC Wilde Beast
50%
Happy Valley Shanghai Martin & Vleminckx Wooden Coaster - Fireball
50%
Gulliver's World Resort Allott and Lomax Antelope
40%
Legoland Florida Martin & Vleminckx Coastersaurus
40%
Indiana Beach CCI Cornball Express
40%
Playland Park Frederick Church Dragon Coaster
40%
Funtown Splashtown USA CCI Excalibur
40%
Belmont Park Frederick Church Giant Dipper
40%
Santa Cruz Beach Boardwalk Arthur Looff Giant Dipper
40%
Morey's Pier CCI Great White
40%
Beech Bend GCI Kentucky Rumbler
40%
Camdem Park National Amusement Device Company Lil' Dipper
40%
Dorney Park PTC Thunderhawk
40%
Six Flags Great America Dennis Starkey Viper
40%
Luna Park Sydney Girvan Bros Wild Mouse
40%
Quassy Gravitykraft Corporation Wooden Warrior
40%
Kemah Boardwalk Martin & Vleminckx Boardwalk Bullet
30%
Lake Winnepesaukah PTC Cannon Ball
30%
Happy Valley Wuhan Martin & Vleminckx Dauling Dragon
30%
Happy Valley Tianjin Martin & Vleminckx Fjord Flying Dragon
30%
Canada's Wonderland PTC Ghoster Coaster
30%
Six Flags over Texas William Cobb Judge Roy Scream
30%
Six Flags Great America PTC Little Dipper
30%
Indiana Beach CCI Lost Coaster of Superstition Mountain
30%
Canada's Wonderland PTC Mighty Canadian Minebuster
30%
Cliff's Amusement Park CCI New Mexico Rattler
30%
Idlewild PTC Rollo Coaster
30%
Family Kingdom Amusement Park PTC Swamp Fox
30%
Jinan Sunac Land Martin & Vleminckx Wooden Dragons
30%
Kentucky Kingdom Dinn Corportation Woodland Run
30%
Canobie Lake Park PTC Yankee Cannonball
30%
Bay Beach Amusement Park Martin & Vleminckx Zippin Pippin
30%
Indiana Beach CCI Hoosier Hurricane
20%
Playland Park National Amusement Device Company Kiddy Coaster
20%
Dutch Wonderland CCI Kingdom Coaster
20%
Sun World Hon Thom GCI Roaring Timbers
20%
Columbus Zoo & Aquarium PTC Sea Dragon
20%
Niagara Amusement Park CCI Silver Comet
20%
Wild Waves S&S Timberhawk : Ride of Prey
20%
Silverwood CCI Timber Terror
20%
Worlds of Fun Dinn Corportation Timber Wolf
20%
Hot Go Park - Happy Jungle World Martin & Vleminckx Time Travel
20%
Adventureland CCI Underground
20%
Michigan's Adventure Dinn Corportation Wolverine Wildcat
20%
Michigan's Adventure CCI Zach's Zoomer
20%
Jawa Timur Park 2 Girvan Bros Animal Coaster
10%
Washington State Fair John Miller Classic Coaster
10%
Wisata Bahari Lamongan Girvan Bros Crazy Car Coaster
10%
Little Amerricka PTC Meteor
10%
Joyland Childrens Fun Park Horace Cole Tyrolean Tubtwist
10%
Valleyfair! Opus Group High Roller
0%
Stricker's Grove Ralph Stricker Teddy Bear
0%
No matching quizzes found
Score Distribution
Percent of People with Each Score
Percentile by Number Answered
Your Score History
You have not taken this quiz